An introduction to fluid dynamics / (Record no. 28971)

000 -LEADER
fixed length control field 00755 a2200193 4500
020 ## - INTERNATIONAL STANDARD BOOK NUMBER
International Standard Book Number 0521663962
020 ## - INTERNATIONAL STANDARD BOOK NUMBER
International Standard Book Number 9780521663960
082 04 - DEWEY DECIMAL CLASSIFICATION NUMBER
Classification number 532.05
090 ## - LOCALLY ASSIGNED LC-TYPE CALL NUMBER (OCLC); LOCAL CALL NUMBER (RLIN)
-- 336
-- 336
100 1# - MAIN ENTRY--PERSONAL NAME
Personal name Batchelor, G. K.
245 13 - TITLE STATEMENT
Title An introduction to fluid dynamics /
Statement of responsibility, etc. G. K. Batchelor.
260 ## - PUBLICATION, DISTRIBUTION, ETC.
Place of publication, distribution, etc. [S.l.] :
Name of publisher, distributor, etc. Cambridge University Press,
Date of publication, distribution, etc. 2005.
300 ## - PHYSICAL DESCRIPTION
Extent 660 p. ;
Dimensions 23 cm.
490 1# - SERIES STATEMENT
Series statement Cambridge mathematical library.
830 #0 - SERIES ADDED ENTRY--UNIFORM TITLE
Uniform title Cambridge mathematical library.
942 ## - ADDED ENTRY ELEMENTS (KOHA)
Institution code [OBSOLETE] SNS
Koha item type Book
Call number prefix 532.05 BAT
Holdings
Withdrawn status Lost status Damaged status Not for loan Permanent Location Current Location Date acquired Total Checkouts Full call number Barcode Date last seen Price effective from Koha item type
        School of Natural Sciences (SNS) School of Natural Sciences (SNS) 05/26/2016   532.05 BAT SNS0000252 05/26/2016 05/26/2016 Book
        School of Natural Sciences (SNS) School of Natural Sciences (SNS) 05/26/2016   532.05 BAT SNS0001657 05/26/2016 05/26/2016 Book
© 2023 Central Library, National University of Sciences and Technology. All Rights Reserved.